Le Patrimoine - Statistiques

Statistiques générales
  • Ce quiz a été pris 85 fois
  • Le résultat moyen est 8 sur 14
Statistiques - réponses
Question Réponse % Correct
Quels sont les usages du château de Versailles ? Les trois
100%
Le patrimoine est-il une source de conflits géopolitiques ? Oui
100%
Y a-t-il eu un élargissement du patrimoine à la nature ? OUI
91%
Pourquoi protéger le patrimoine ? La peur de disparition / valeur affective / identité / attractivité touristique / marchandisation
82%
A quoi est dû l'augmentation de la fréquentation des musées ( 10 Millions de visiteurs ), l'augmentation des expositions ( Toutankhamon 2019, 1,4 Millions ) ou encore les journées du patrimoine ? Le monde s'intéresse de plus en plus au patrimoine
64%
Le château de Versailles accueille quel sommet international en 1982 ? Le sommet du G7
64%
Pourquoi le château de Versailles a-t-il un usage diplomatique ? Les trois
64%
A quelle date le patrimoine s'est intéressé au biens immatériels ? A partir des années 70
55%
Exemples de choses protégées à des fins touristiques : Marrakech / le Mont-Saint Michel / Venise
55%
Pour quelle raison Daesh décide de détruire le site de la Palmyre en Syrie en janvier 2017 ? Pour faire oublier la Syrie préislamique et effacer toutes traces occidentales
55%
En quelle année, le château de Versailles est-il devenu un musée national ? 1937
45%
Pourquoi, depuis les années 70, nous mettons nous à classer de plus en plus de biens immatériels ? Pour l'âme et l'esprit d'un quartier, la gastronomie...
45%
Ou est-ce que la France possède 90 000 œuvres male acquises Quai Branly
27%
Qu'est ce qui a fait connaître le patrimoine de nos jours ? Le numérique avec les visites virtuelles
0%
Aucun quiz correspondant
Distribution des résultats
% des personnes avec chaque résultat
Percentile par nombre de réponses
Votre historique - résultats
Vous n’avez pas pris ce quiz